<?xml version="1.0" encoding="UTF-8"?><?xml-stylesheet type="text/xsl" href="static/style.xsl"?><OAI-PMH xmlns="http://www.openarchives.org/OAI/2.0/" xmlns:xsi="http://www.w3.org/2001/XMLSchema-instance" xsi:schemaLocation="http://www.openarchives.org/OAI/2.0/ http://www.openarchives.org/OAI/2.0/OAI-PMH.xsd"><responseDate>2026-05-14T12:09:47Z</responseDate><request verb="GetRecord" identifier="oai:riubu.ubu.es:10259/9576" metadataPrefix="marc">https://riubu.ubu.es/oai/request</request><GetRecord><record><header><identifier>oai:riubu.ubu.es:10259/9576</identifier><datestamp>2024-10-02T00:05:26Z</datestamp><setSpec>com_10259_4665</setSpec><setSpec>com_10259_5086</setSpec><setSpec>com_10259_2604</setSpec><setSpec>col_10259_4666</setSpec></header><metadata><record xmlns="http://www.loc.gov/MARC21/slim" xmlns:doc="http://www.lyncode.com/xoai" xmlns:xsi="http://www.w3.org/2001/XMLSchema-instance" xmlns:dcterms="http://purl.org/dc/terms/" xsi:schemaLocation="http://www.loc.gov/MARC21/slim http://www.loc.gov/standards/marcxml/schema/MARC21slim.xsd">
<leader>00925njm 22002777a 4500</leader>
<datafield tag="042" ind1=" " ind2=" ">
<subfield code="a">dc</subfield>
</datafield>
<datafield tag="720" ind1=" " ind2=" ">
<subfield code="a">San Martín Calvo, Marina</subfield>
<subfield code="e">author</subfield>
</datafield>
<datafield tag="260" ind1=" " ind2=" ">
<subfield code="c">2024-06</subfield>
</datafield>
<datafield tag="520" ind1=" " ind2=" ">
<subfield code="a">La sostenibilidad se ha convertido en una prioridad importante de la Unión Europea, debido a la creciente conciencia de los desafíos medioambientales y sociales. Comprometida con un desarrollo que satisfaga las necesidades del presente sin comprometer la capacidad de las generaciones futuras para satisfacer sus propias necesidades, la UE está adoptando un enfoque integral para promover prácticas comerciales sostenibles, con regulaciones, incentivos y políticas que alienten a las empresas a considerar su impacto en el medio ambiente. El presente trabajo estudia el conjunto de medidas implementadas por la Unión Europea en favor del desarrollo sostenible y contra el blanqueo ecológico en el marco del Pacto Verde Europeo, en orden a la consecución de una vida digna para todos dentro de los límites del planeta que concilie la prosperidad económica y la eficiencia, las sociedades pacíficas, la inclusión social y la responsabilidad medioambiental.</subfield>
</datafield>
<datafield tag="520" ind1=" " ind2=" ">
<subfield code="a">Sustainability has become an important priority of the European Union, due to growing awareness  of  environmental  and  social  challenges.  Committed  to  development  that  meets  the needs of the present without compromising the ability of future generations to meet their own needs, the EU is taking a comprehensive approach to promoting sustainable business practices, with regulations, incentives and policies that encourage companies to consider its impact on the environment. This paper  studies  the  set  of  measures  implemented  by  the  European  Union  in favor  of  sustainable  development  and  against  greenwashing  within  the  framework  of  the European  Green  Pact,  in  order  to  achieve  a  dignified  life  for  all  within  the  limits  of  the  planet that  reconciles  economic  prosperity  and  efficiency,  peaceful  societies,  social  inclusion  and environmental responsibility.</subfield>
</datafield>
<datafield tag="024" ind2=" " ind1="8">
<subfield code="a">1132-7170</subfield>
</datafield>
<datafield tag="024" ind2=" " ind1="8">
<subfield code="a">http://hdl.handle.net/10259/9576</subfield>
</datafield>
<datafield tag="024" ind2=" " ind1="8">
<subfield code="a">10.24197/ree.84.2024.364-390</subfield>
</datafield>
<datafield tag="024" ind2=" " ind1="8">
<subfield code="a">2530-9854</subfield>
</datafield>
<datafield ind1=" " ind2=" " tag="653">
<subfield code="a">Sostenibilidad</subfield>
</datafield>
<datafield ind1=" " ind2=" " tag="653">
<subfield code="a">Blanqueo ecológico</subfield>
</datafield>
<datafield ind1=" " ind2=" " tag="653">
<subfield code="a">Transición ecológica</subfield>
</datafield>
<datafield ind1=" " ind2=" " tag="653">
<subfield code="a">Objetivos de Desarrollo Sostenible (ODS)</subfield>
</datafield>
<datafield ind1=" " ind2=" " tag="653">
<subfield code="a">Pacto Verde Europeo</subfield>
</datafield>
<datafield ind1=" " ind2=" " tag="653">
<subfield code="a">Sustainability</subfield>
</datafield>
<datafield ind1=" " ind2=" " tag="653">
<subfield code="a">Greenwashing</subfield>
</datafield>
<datafield ind1=" " ind2=" " tag="653">
<subfield code="a">Environmental  transition</subfield>
</datafield>
<datafield ind1=" " ind2=" " tag="653">
<subfield code="a">Sustainable  Development Goals (SDG)</subfield>
</datafield>
<datafield ind1=" " ind2=" " tag="653">
<subfield code="a">European Green Deal (EGD)</subfield>
</datafield>
<datafield tag="245" ind1="0" ind2="0">
<subfield code="a">Consumo sostenible y transición ecológica. La acción normativa de la Unión Europea contra el greenwashing</subfield>
</datafield>
</record></metadata></record></GetRecord></OAI-PMH>